| Tag |
First Indicator |
Second Indicator |
Subfields |
| LEADER |
00000cam a2200000 a 4500 |
| 001 |
in00000015713 |
| 005 |
20151007052602.0 |
| 008 |
880219s1987 gw 00011 ger |
| 010 |
|
|
|a 87206524
|
| 020 |
|
|
|a 3498062182
|
| 035 |
|
|
|a (OCoLC)17256038
|
| 035 |
|
|
|9 AAA8391AM
|
| 040 |
|
|
|a DLC
|c DLC
|d TXA
|d UtOrBLW
|
| 049 |
|
|
|a TXAM
|c [A11050536]
|
| 050 |
0 |
0 |
|a PT2680.A349
|b O8 1987
|
| 082 |
0 |
|
|a 833/.914
|2 19
|
| 100 |
1 |
|
|a Schädlich, Hans Joachim.
|
| 245 |
1 |
0 |
|a Ostwestberlin :
|b Prosa /
|c Hans Joachim Schädlich.
|
| 250 |
|
|
|a 1. Aufl.
|
| 264 |
|
1 |
|a Reinbek bei Hamburg :
|b Rowohlt,
|c 1987.
|
| 300 |
|
|
|a 179 pages ;
|c 21 cm.
|
| 336 |
|
|
|a text
|b txt
|2 rdacontent
|
| 337 |
|
|
|a unmediated
|b n
|2 rdamedia
|
| 338 |
|
|
|a volume
|b nc
|2 rdacarrier
|
| 999 |
|
|
|a MARS
|
| 999 |
f |
f |
|s 737a4a1f-7936-3238-8698-cb803330a2af
|i bf890e85-b742-32c4-a832-701daab94629
|t 0
|
| 952 |
f |
f |
|p ric
|a Texas A&M University
|b Rellis Campus
|c Joint Library Facility
|d Remote Storage
|t 0
|e PT2680.A349 O8 1987
|h Library of Congress classification
|i unmediated -- volume
|m A14811050536
|
| 998 |
f |
f |
|a PT2680.A349 O8 1987
|t 0
|l Remote Storage
|